000 00409nam a2200169Ia 4500
001 23949
005 20260414151011.0
008 260414t1983||||xx |||||||||||||| ||spa||
041 _aESP
082 _a724.50946
_bI59
245 0 _aArquitectura racional en España 1940-1982
_b
260 _c1983
300 _axvii, 39 páginas :
_c28 cm.
650 _aABD
654 _aCAU
942 _cLIB
_dJUS
_fJUS
_2ddc
_n
999 _c23949
_d23949